<?xml version="1.0" encoding="UTF-8"?>
<record
    xmlns:xsi="http://www.w3.org/2001/XMLSchema-instance"
    xsi:schemaLocation="http://www.loc.gov/MARC21/slim http://www.loc.gov/standards/marcxml/schema/MARC21slim.xsd"
    xmlns="http://www.loc.gov/MARC21/slim">

  <leader>04415namaa22004211i 4500</leader>
  <controlfield tag="003">EG-GICUC</controlfield>
  <controlfield tag="005">20260430200752.0</controlfield>
  <controlfield tag="008">260430s2025    ua a|||frm||| 000 0 eng d</controlfield>
  <datafield tag="040" ind1=" " ind2=" ">
    <subfield code="a">EG-GICUC</subfield>
    <subfield code="b">eng</subfield>
    <subfield code="c">EG-GICUC</subfield>
    <subfield code="d">EG-GICUC</subfield>
    <subfield code="e">rda</subfield>
  </datafield>
  <datafield tag="041" ind1="0" ind2=" ">
    <subfield code="a">eng</subfield>
    <subfield code="b">eng</subfield>
    <subfield code="b">ara</subfield>
  </datafield>
  <datafield tag="049" ind1=" " ind2=" ">
    <subfield code="a">Deposit</subfield>
  </datafield>
  <datafield tag="082" ind1="0" ind2="4">
    <subfield code="a">428.24</subfield>
  </datafield>
  <datafield tag="092" ind1=" " ind2=" ">
    <subfield code="a">428.24</subfield>
    <subfield code="2">21</subfield>
  </datafield>
  <datafield tag="097" ind1=" " ind2=" ">
    <subfield code="a">Ph.D</subfield>
  </datafield>
  <datafield tag="099" ind1=" " ind2=" ">
    <subfield code="a">Cai01.02.12.Ph.D.2025.Sa.L</subfield>
  </datafield>
  <datafield tag="100" ind1="0" ind2=" ">
    <subfield code="a">Safaa Mohamed Mahmoud Abdou,</subfield>
    <subfield code="e">preparation.</subfield>
  </datafield>
  <datafield tag="245" ind1="1" ind2="0">
    <subfield code="a">Literary gardens as counter-archival spaces in the age  of the anthropocene : </subfield>
    <subfield code="b">a comparative feminist study of  selected novels  /</subfield>
    <subfield code="c">by Safaa Mohamed Mahmoud Abdou ; Supervision Prof. Pervine Yehia Elrefaei. </subfield>
  </datafield>
  <datafield tag="246" ind1="1" ind2="5">
    <subfield code="a">&#x627;&#x644;&#x62D;&#x62F;&#x627;&#x626;&#x642; &#x627;&#x644;&#x623;&#x62F;&#x628;&#x64A;&#x629; &#x628;&#x648;&#x635;&#x641;&#x647;&#x627; &#x645;&#x633;&#x627;&#x62D;&#x627;&#x62A; &#x623;&#x631;&#x634;&#x64A;&#x641;&#x64A;&#x629; &#x645;&#x636;&#x627;&#x62F;&#x629; &#x641;&#x64A; &#x639;&#x635;&#x631; &#x627;&#x644;&#x623;&#x646;&#x62B;&#x631;&#x648;&#x628;&#x648;&#x633;&#x64A;&#x646; :</subfield>
    <subfield code="b">&#x62F;&#x631;&#x627;&#x633;&#x629; &#x646;&#x633;&#x648;&#x64A;&#x629; &#x645;&#x642;&#x627;&#x631;&#x646;&#x629; &#x644;&#x631;&#x648;&#x627;&#x64A;&#x627;&#x62A; &#x645;&#x62E;&#x62A;&#x627;&#x631;&#x629;</subfield>
  </datafield>
  <datafield tag="264" ind1=" " ind2="0">
    <subfield code="c">2025.</subfield>
  </datafield>
  <datafield tag="300" ind1=" " ind2=" ">
    <subfield code="a">213 pages :</subfield>
    <subfield code="b">illustrations ; </subfield>
    <subfield code="c">25 cm. + </subfield>
    <subfield code="e">CD.</subfield>
  </datafield>
  <datafield tag="336" ind1=" " ind2=" ">
    <subfield code="a">text</subfield>
    <subfield code="2">rda content</subfield>
  </datafield>
  <datafield tag="337" ind1=" " ind2=" ">
    <subfield code="a">Unmediated</subfield>
    <subfield code="2">rdamedia</subfield>
  </datafield>
  <datafield tag="338" ind1=" " ind2=" ">
    <subfield code="a">volume</subfield>
    <subfield code="2">rdacarrier</subfield>
  </datafield>
  <datafield tag="502" ind1=" " ind2=" ">
    <subfield code="a">Thesis (Ph.D)-Cairo University, 2025.</subfield>
  </datafield>
  <datafield tag="504" ind1=" " ind2=" ">
    <subfield code="a">Bibliography: pages 191-213.</subfield>
  </datafield>
  <datafield tag="520" ind1=" " ind2="3">
    <subfield code="a">In the age of the Anthropocene, capitalism, imperialism, and climate change, 
horticultural issues of gardening and greening become pressing matters. This dissertation aims 
to conduct a comparative study of the literary representations of gardens as counter-archival 
spaces in three contemporary novels, mainly Diane Wilson&#x2019;s The Seed Keeper (2021), Elif 
Shafak&#x2019;s The Island of Missing Trees (2021), and Francesca Momplaisir&#x2019;s The Garden of 
Broken Things (2022). Utilizing a multidisciplinary comparative approach, the dissertation 
draws on theories of the archive in relation to feminist, spatial, and environmental theories to 
explore how the garden represents a decolonial, political space, intrinsically intertwined with 
memory, history, identity, and power structures. It argues that, in the Anthropocene, the 
gardenscapes of gendered and political conflict emerge as sites of feminist and ecological 
resistance that unravel and navigate historical conflicts and identitarian issues. </subfield>
  </datafield>
  <datafield tag="520" ind1=" " ind2="3">
    <subfield code="a">&#x641;&#x64A; &#x639;&#x635;&#x631; &#x627;&#x644;&#x623;&#x646;&#x62B;&#x631;&#x648;&#x628;&#x648;&#x633;&#x64A;&#x646;&#x60C; &#x648;&#x641;&#x64A; &#x638;&#x644; &#x648;&#x627;&#x644;&#x631;&#x623;&#x633;&#x645;&#x627;&#x644;&#x64A;&#x629; &#x648;&#x627;&#x644;&#x625;&#x645;&#x628;&#x631;&#x64A;&#x627;&#x644;&#x64A;&#x629; &#x648;&#x62A;&#x63A;&#x64A;&#x631; &#x627;&#x644;&#x645;&#x646;&#x627;&#x62E;&#x60C; &#x623;&#x635;&#x628;&#x62D;&#x62A; &#x642;&#x636;&#x627;&#x64A;&#x627; &#x627;&#x644;&#x628;&#x633;&#x62A;&#x646;&#x629; &#x648;&#x627;&#x644;&#x62A;&#x62E;&#x636;&#x64A;&#x631; &#x645;&#x633;&#x627;&#x626;&#x644; &#x645;&#x644;&#x62D;&#x629;. &#x62A;&#x647;&#x62F;&#x641; &#x627;&#x644;&#x631;&#x633;&#x627;&#x644;&#x629; &#x625;&#x644;&#x649; &#x625;&#x62C;&#x631;&#x627;&#x621; &#x62F;&#x631;&#x627;&#x633;&#x629; &#x645;&#x642;&#x627;&#x631;&#x646;&#x629; &#x644;&#x644;&#x62A;&#x645;&#x62B;&#x64A;&#x644;&#x627;&#x62A; &#x627;&#x644;&#x623;&#x62F;&#x628;&#x64A;&#x629; &#x644;&#x644;&#x62D;&#x62F;&#x627;&#x626;&#x642; &#x628;&#x648;&#x635;&#x641;&#x647;&#x627; &#x645;&#x633;&#x627;&#x62D;&#x627;&#x62A; &#x623;&#x631;&#x634;&#x64A;&#x641;&#x64A;&#x629; &#x646;&#x633;&#x648;&#x64A;&#x629; &#x645;&#x636;&#x627;&#x62F;&#x629; &#x641;&#x64A; &#x62B;&#x644;&#x627;&#x62B; &#x631;&#x648;&#x627;&#x64A;&#x627;&#x62A; &#x645;&#x639;&#x627;&#x635;&#x631;&#x629; &#x645;&#x646; &#x62B;&#x642;&#x627;&#x641;&#x627;&#x62A; &#x645;&#x62E;&#x62A;&#x644;&#x641;&#x629;&#x60C; &#x648;&#x647;&#x645;: &#x62D;&#x627;&#x631;&#x633; &#x627;&#x644;&#x628;&#x630;&#x648;&#x631; (2021) &#x644;&#x644;&#x645;&#x624;&#x644;&#x641;&#x629; &#x627;&#x644;&#x623;&#x645;&#x631;&#x64A;&#x643;&#x64A;&#x629; &#x645;&#x646; &#x627;&#x644;&#x633;&#x643;&#x627;&#x646; &#x627;&#x644;&#x623;&#x635;&#x644;&#x64A;&#x64A;&#x646; &#x62F;&#x64A;&#x627;&#x646; &#x648;&#x64A;&#x644;&#x633;&#x648;&#x646; &#x648;&#x62C;&#x632;&#x64A;&#x631;&#x629; &#x627;&#x644;&#x623;&#x634;&#x62C;&#x627;&#x631; &#x627;&#x644;&#x645;&#x641;&#x642;&#x648;&#x62F;&#x629; (2021) &#x644;&#x644;&#x631;&#x648;&#x627;&#x626;&#x64A;&#x629; &#x627;&#x644;&#x62A;&#x631;&#x643;&#x64A;&#x629; &#x627;&#x644;&#x628;&#x631;&#x64A;&#x637;&#x627;&#x646;&#x64A;&#x629; &#x625;&#x644;&#x64A;&#x641; &#x634;&#x641;&#x642; &#x648;&#x62D;&#x62F;&#x64A;&#x642;&#x629; &#x627;&#x644;&#x623;&#x634;&#x64A;&#x627;&#x621; &#x627;&#x644;&#x645;&#x62D;&#x637;&#x645;&#x629; (2022) &#x644;&#x644;&#x643;&#x627;&#x62A;&#x628;&#x629; &#x627;&#x644;&#x647;&#x627;&#x64A;&#x62A;&#x64A;&#x629; &#x641;&#x631;&#x627;&#x646;&#x634;&#x64A;&#x633;&#x643;&#x627;&#x645;&#x648;&#x645;&#x628;&#x644;&#x64A;&#x633;&#x64A;&#x631;. &#x628;&#x627;&#x633;&#x62A;&#x62E;&#x62F;&#x627;&#x645; &#x646;&#x647;&#x62C; &#x645;&#x642;&#x627;&#x631;&#x646; &#x645;&#x62A;&#x639;&#x62F;&#x62F; &#x627;&#x644;&#x62A;&#x62E;&#x635;&#x635;&#x627;&#x62A;&#x60C; &#x62A;&#x639;&#x62A;&#x645;&#x62F; &#x627;&#x644;&#x631;&#x633;&#x627;&#x644;&#x629; &#x639;&#x644;&#x649; &#x646;&#x638;&#x631;&#x64A;&#x627;&#x62A; &#x627;&#x644;&#x623;&#x631;&#x634;&#x64A;&#x641; &#x628;&#x627;&#x644;&#x625;&#x636;&#x627;&#x641;&#x629; &#x625;&#x644;&#x649; &#x646;&#x638;&#x631;&#x64A;&#x627;&#x62A; &#x627;&#x644;&#x646;&#x633;&#x648;&#x64A;&#x629; &#x648;&#x627;&#x644;&#x645;&#x643;&#x627;&#x646; &#x648;&#x627;&#x644;&#x628;&#x64A;&#x626;&#x629; &#x644;&#x62F;&#x631;&#x627;&#x633;&#x629; &#x62A;&#x645;&#x62B;&#x64A;&#x644; &#x627;&#x644;&#x62D;&#x62F;&#x64A;&#x642;&#x629; &#x628;&#x648;&#x635;&#x641;&#x647;&#x627; &#x645;&#x643;&#x627;&#x646;&#x62F;&#x64A;&#x643;&#x648;&#x644;&#x648;&#x646;&#x64A;&#x627;&#x644;&#x64A;&#x633;&#x64A;&#x627;&#x633;&#x64A; &#x64A;&#x62A;&#x634;&#x627;&#x628;&#x643; &#x645;&#x639; &#x647;&#x64A;&#x627;&#x643;&#x644; &#x627;&#x644;&#x630;&#x627;&#x643;&#x631;&#x629; &#x648;&#x627;&#x644;&#x62A;&#x627;&#x631;&#x64A;&#x62E; &#x648;&#x627;&#x644;&#x647;&#x648;&#x64A;&#x629; &#x648;&#x627;&#x644;&#x633;&#x644;&#x637;&#x629; &#x648;&#x643;&#x64A;&#x641; &#x62A;&#x62A;&#x639;&#x627;&#x645;&#x644; &#x627;&#x644;&#x634;&#x62E;&#x635;&#x64A;&#x627;&#x62A; &#x627;&#x644;&#x646;&#x633;&#x627;&#x626;&#x64A;&#x629; &#x641;&#x64A; &#x647;&#x630;&#x647; &#x627;&#x644;&#x631;&#x648;&#x627;&#x64A;&#x627;&#x62A; &#x627;&#x644;&#x645;&#x62E;&#x62A;&#x627;&#x631;&#x629; &#x645;&#x639; &#x648;&#x627;&#x642;&#x639;&#x647;&#x627; &#x627;&#x644;&#x62C;&#x646;&#x62F;&#x631;&#x64A;&#x645;&#x646; &#x62E;&#x644;&#x627;&#x644; &#x627;&#x644;&#x62D;&#x62F;&#x64A;&#x642;&#x629;. &#x62A;&#x643;&#x634;&#x641; &#x627;&#x644;&#x62F;&#x631;&#x627;&#x633;&#x629; &#x623;&#x646; &#x641;&#x64A; &#x639;&#x635;&#x631; &#x627;&#x644;&#x623;&#x646;&#x62B;&#x631;&#x648;&#x628;&#x648;&#x633;&#x64A;&#x646;&#x60C; &#x62A;&#x638;&#x647;&#x631; &#x627;&#x644;&#x62D;&#x62F;&#x627;&#x626;&#x642; &#x643;&#x645;&#x633;&#x627;&#x62D;&#x627;&#x62A; &#x644;&#x644;&#x645;&#x642;&#x627;&#x648;&#x645;&#x629; &#x627;&#x644;&#x646;&#x633;&#x648;&#x64A;&#x629; &#x648;&#x627;&#x644;&#x628;&#x64A;&#x626;&#x64A;&#x629; &#x648;&#x645;&#x648;&#x627;&#x62C;&#x647;&#x629; &#x627;&#x644;&#x635;&#x631;&#x627;&#x639;&#x627;&#x62A; &#x627;&#x644;&#x62A;&#x627;&#x631;&#x64A;&#x62E;&#x64A;&#x629; &#x648;&#x645;&#x646;&#x627;&#x642;&#x634;&#x629; &#x642;&#x636;&#x627;&#x64A;&#x627; &#x627;&#x644;&#x647;&#x648;&#x64A;&#x629;.</subfield>
  </datafield>
  <datafield tag="530" ind1=" " ind2=" ">
    <subfield code="a">Issues also as CD.</subfield>
  </datafield>
  <datafield tag="546" ind1=" " ind2=" ">
    <subfield code="a">Text in English and abstract in Arabic &amp; English.</subfield>
  </datafield>
  <datafield tag="650" ind1=" " ind2="0">
    <subfield code="a">English Language</subfield>
  </datafield>
  <datafield tag="650" ind1=" " ind2="0">
    <subfield code="a">&#x627;&#x644;&#x644;&#x63A;&#x629; &#x627;&#x644;&#x625;&#x646;&#x62C;&#x644;&#x64A;&#x632;&#x64A;&#x629;</subfield>
  </datafield>
  <datafield tag="653" ind1=" " ind2="0">
    <subfield code="a">gardens</subfield>
    <subfield code="a">Anthropocene</subfield>
    <subfield code="a">feminist</subfield>
    <subfield code="a">archival</subfield>
    <subfield code="a">memory </subfield>
    <subfield code="a">&#x627;&#x644;&#x62D;&#x62F;&#x627;&#x626;&#x642; </subfield>
    <subfield code="a">&#x627;&#x644;&#x623;&#x646;&#x62B;&#x631;&#x648;&#x628;&#x648;&#x633;&#x64A;&#x646;</subfield>
  </datafield>
  <datafield tag="700" ind1="0" ind2=" ">
    <subfield code="a">Pervine Yehia Elrefaei</subfield>
    <subfield code="e">thesis advisor.</subfield>
  </datafield>
  <datafield tag="900" ind1=" " ind2=" ">
    <subfield code="b">01-01-2025</subfield>
    <subfield code="c">Pervine Yehia Elrefaei</subfield>
    <subfield code="U">Cairo University</subfield>
    <subfield code="F">Faculty of Arts</subfield>
    <subfield code="D">Department of English Language and Literature </subfield>
  </datafield>
  <datafield tag="905" ind1=" " ind2=" ">
    <subfield code="a">Shimaa</subfield>
  </datafield>
  <datafield tag="942" ind1=" " ind2=" ">
    <subfield code="2">ddc</subfield>
    <subfield code="c">TH</subfield>
    <subfield code="e">21</subfield>
    <subfield code="n">0</subfield>
  </datafield>
  <datafield tag="999" ind1=" " ind2=" ">
    <subfield code="c">179875</subfield>
  </datafield>
  <datafield tag="952" ind1=" " ind2=" ">
    <subfield code="2">ddc</subfield>
    <subfield code="9">317497</subfield>
    <subfield code="a">CUCL</subfield>
    <subfield code="b">cl210</subfield>
    <subfield code="d">2026-04-30</subfield>
    <subfield code="i">93927</subfield>
    <subfield code="o">Cai01.02.12.Ph.D.2025.Sa.L</subfield>
    <subfield code="p">01010110093927000</subfield>
    <subfield code="r">2026-04-30 19:08:54</subfield>
    <subfield code="w">2026-04-30</subfield>
    <subfield code="y">TH</subfield>
  </datafield>
</record>
